<?xml version="1.0" encoding="UTF-8"?>
<marc:record xmlns:marc="http://www.loc.gov/MARC21/slim">
   <marc:leader>00000nam a2200000 a 4500</marc:leader>
   <marc:datafield ind1="1" ind2=" " tag="100">
      <marc:subfield code="a">Mai, Manfred</marc:subfield>
      <marc:subfield code="4">aut</marc:subfield>
      <marc:subfield code="e">Verfasser/-in</marc:subfield>
   </marc:datafield>
   <marc:datafield ind1="1" ind2=" " tag="100">
      <marc:subfield code="a">Hardt, Iris</marc:subfield>
   </marc:datafield>
   <marc:datafield ind1=" " ind2=" " tag="653">
      <marc:subfield code="a">Erstlesealter, Vorschulalter</marc:subfield>
   </marc:datafield>
   <marc:datafield ind1="0" ind2="0" tag="245">
      <marc:subfield code="a">Rettung für den Klassen-Wald - Lesen lernen mit dem Leseraben - Erstlesebuch - Kinderbuch ab 6 Jahren - Lesenlernen 1. Klasse Jungen und Mädchen (Leserabe 1. Klasse)</marc:subfield>
   </marc:datafield>
   <marc:datafield ind1="0" ind2="0" tag="245">
      <marc:subfield code="c">Mai, Manfred</marc:subfield>
   </marc:datafield>
   <marc:datafield ind1=" " ind2="1" tag="264">
      <marc:subfield code="a">Ravensburg</marc:subfield>
      <marc:subfield code="b">Ravensburger Verlag GmbH</marc:subfield>
      <marc:subfield code="c">2024</marc:subfield>
   </marc:datafield>
   <marc:datafield ind1="1" ind2=" " tag="490">
      <marc:subfield code="a">Leserabe</marc:subfield>
   </marc:datafield>
   <marc:datafield ind1=" " ind2=" " tag="250">
      <marc:subfield code="a">1. Auflage</marc:subfield>
   </marc:datafield>
   <marc:datafield ind1="1" ind2=" " tag="520">
      <marc:subfield code="a">Lesen lernen wie im Flug!&#xD;
&#xD;
Matteo und Mia sind erschrocken, wie viel Müll im Wald liegt. Dagegen muss man doch etwas tun! Zurück in der Schule starten sie deswegen ein Projekt zum Umweltschutz: Mit der ganzen Klasse werden sie aktiv und räumen im Wald so richtig auf. Und sie dürfen der Försterin sogar noch beim Pflanzen neuer Bäume helfen. Da freuen sich die Kinder - und der Wald sowie das Klima gleich mit!&#xD;
&#xD;
Lesen lernen wie im Flug! Die Kinderbücher der Reihe Leserabe – 1. Lesestufe wurden mit Pädagogen entwickelt und richten sich an Leseanfänger ab der 1. Klasse. Kurze Texte in großer Fibelschrift sichern erste Leseerfolge und steigern die Lesekompetenz von Mädchen und Jungen ab 6 Jahren. Mit Belohnungsstickern. &#xD;
&#xD;
Empfohlen von Stiftung Lesen, gelistet bei Antolin.</marc:subfield>
   </marc:datafield>
   <marc:datafield ind1=" " ind2=" " tag="020">
      <marc:subfield code="a">9783473463534</marc:subfield>
      <marc:subfield code="9">9783473463534</marc:subfield>
   </marc:datafield>
   <marc:datafield ind1=" " ind2=" " tag="020">
      <marc:subfield code="a">3473463531</marc:subfield>
      <marc:subfield code="9">3473463531</marc:subfield>
   </marc:datafield>
   <marc:datafield ind1=" " ind2=" " tag="041">
      <marc:subfield code="a">ger</marc:subfield>
   </marc:datafield>
   <marc:datafield ind1=" " ind2=" " tag="300">
      <marc:subfield code="b">Farbig illustriert</marc:subfield>
   </marc:datafield>
   <marc:datafield ind1=" " ind2=" " tag="338">
      <marc:subfield code="a">Band</marc:subfield>
   </marc:datafield>
   <marc:datafield ind1=" " ind2=" " tag="300">
      <marc:subfield code="a">1 Stickerbogen</marc:subfield>
   </marc:datafield>
</marc:record>
